00495nam a2200193Ia 4500001000900000003000500009005001700014008004100031010001100072020001800083040000900101082001400110100002400124245006900148260004000217300001100257500002500268503000800293dia_3323CHAP20230518120108.0220117s1992 xx 000 0 und d a173795 a0-534-15162-0 cCHAP a581.1 S3Y aSalisbury, Frank B. aFisiología Vegetal /c por Frank B. Salisbury y Cleon W. Ross aMéxico :b Iberoamericana,c1992 a759 P. aLa C.2, es Fotocopia aC/E